<?xml version="1.0" encoding="UTF-8"?>
<record
    xmlns:xsi="http://www.w3.org/2001/XMLSchema-instance"
    xsi:schemaLocation="http://www.loc.gov/MARC21/slim http://www.loc.gov/standards/marcxml/schema/MARC21slim.xsd"
    xmlns="http://www.loc.gov/MARC21/slim">

  <leader>00820nam a22002417a 4500</leader>
  <datafield tag="999" ind1=" " ind2=" ">
    <subfield code="c">20766</subfield>
    <subfield code="d">20766</subfield>
  </datafield>
  <controlfield tag="003">AR-CdUCM</controlfield>
  <controlfield tag="008">190605b           ||||| |||| 00| 0 spa d</controlfield>
  <datafield tag="040" ind1=" " ind2=" ">
    <subfield code="a">MUNICIPALIDAD PROVINCIAL DEL CUSCO</subfield>
    <subfield code="c">BIBLIOTECA MUNICIPAL DEL CUSCO</subfield>
  </datafield>
  <datafield tag="082" ind1=" " ind2=" ">
    <subfield code="a">658 /</subfield>
    <subfield code="b">N49</subfield>
  </datafield>
  <datafield tag="100" ind1=" " ind2=" ">
    <subfield code="a">Newman, William H.</subfield>
  </datafield>
  <datafield tag="245" ind1=" " ind2=" ">
    <subfield code="a">programaci&#xF3;n organizaci&#xF3;n y control /</subfield>
  </datafield>
  <datafield tag="260" ind1=" " ind2=" ">
    <subfield code="a">Espa&#xF1;a :</subfield>
    <subfield code="b">Deusto,</subfield>
    <subfield code="c">1974.</subfield>
  </datafield>
  <datafield tag="300" ind1=" " ind2=" ">
    <subfield code="a">607 p&#xE1;ginas ;</subfield>
    <subfield code="c">30 cm.</subfield>
  </datafield>
  <datafield tag="440" ind1=" " ind2=" ">
    <subfield code="a">Colecci&#xF3;n gesti&#xF3;n</subfield>
    <subfield code="9">43371</subfield>
  </datafield>
  <datafield tag="505" ind1=" " ind2=" ">
    <subfield code="a">Contenido : Programaci&#xF3;n -- Objetivos -- Puntos claves de la direcci&#xF3;n -- Programas transitorios y programas permanentes...</subfield>
  </datafield>
  <datafield tag="650" ind1=" " ind2=" ">
    <subfield code="a">Empresa</subfield>
    <subfield code="9">826</subfield>
  </datafield>
  <datafield tag="650" ind1=" " ind2=" ">
    <subfield code="a">Planificaci&#xF3;n</subfield>
    <subfield code="9">6254</subfield>
  </datafield>
  <datafield tag="650" ind1=" " ind2=" ">
    <subfield code="a">Manejo</subfield>
    <subfield code="9">22123</subfield>
  </datafield>
  <datafield tag="650" ind1=" " ind2=" ">
    <subfield code="a">Estrategia</subfield>
    <subfield code="9">22888</subfield>
  </datafield>
  <datafield tag="700" ind1=" " ind2=" ">
    <subfield code="a">Almandoz, Pedro</subfield>
    <subfield code="9">43372</subfield>
  </datafield>
  <datafield tag="942" ind1=" " ind2=" ">
    <subfield code="2">ddc</subfield>
    <subfield code="c">LIBROS</subfield>
  </datafield>
  <datafield tag="945" ind1=" " ind2=" ">
    <subfield code="a">rcc</subfield>
  </datafield>
  <datafield tag="952" ind1=" " ind2=" ">
    <subfield code="0">0</subfield>
    <subfield code="2">ddc</subfield>
    <subfield code="4">0</subfield>
    <subfield code="7">0</subfield>
    <subfield code="a">SC</subfield>
    <subfield code="b">SC</subfield>
    <subfield code="c">CART</subfield>
    <subfield code="d">2019-06-05</subfield>
    <subfield code="g">25.00</subfield>
    <subfield code="o">658 / N49</subfield>
    <subfield code="p">SC0000002099</subfield>
    <subfield code="r">2019-06-05</subfield>
    <subfield code="y">LIBROS</subfield>
  </datafield>
</record>
